000 00468nam a22001817a 4500
008 170612b xxu||||| |||| 00| p tur d
020 _a9758572385
041 _atur
050 _aPL248.E734
100 _a Erbaş, Şükrü
_9286
245 _aYalnızlık Heceleri
_cŞükrü Erbaş
250 _a1. baskı
260 _aAnkara
_bÜmit Yayıncılık
_c2003
300 _a71 sayfa
500 _a3 adet mevcuttur.
650 0 _9145
_aTürk Edebiyatı
942 _2lcc
_cBK
999 _c317
_d313